01200 2200445 4500001002100000005001500021035002000036245012000056100002000176250000600196300003300202700001900235260004500254082001200299084001800311020001800329650000900347008004100356990001700397990001700414990001700431990001700448990001700465990001700482990001700499990001700516990001700533990001700550990001700567990001700584990001700601990001700618990001700635990001700652990001700669990001700686990001700703990001700720990001700737INLIS00000000000084320190312023223 a0010-03190000561 aLebih Dekat Dengan Lautku Volume 2 :bBatu Karang dan Pesisir Pantai /cMartyn Bramwell; Penerjemah, Yunita Farlina0 aMartyn Bramwell a- a68 hlm. :bilus. ;c29,7 cm.0 aYunita Farlina aBandung :bGrafindo Media Pratama,c2007 a551.456 a551.456 MAR l a979-758-526-3 aLaut190312 0  a03021/H/2018 a03022/H/2018 a03023/H/2018 a03024/H/2018 a03022/H/2018 a03021/H/2018 a03023/H/2018 a03024/H/2018 a03024/H/2018 a03021/H/2018 a03022/H/2018 a03023/H/2018 a03023/H/2018 a03021/H/2018 a03022/H/2018 a03024/H/2018 a03021/H/2018 a03022/H/2018 a03023/H/2018 a03024/H/2018 a04436/H/2018